Mathematics-VIII (Record no. 11240)

MARC details
000 -LEADER
fixed length control field 00246nam a22000977a 4500
008 - FIXED-LENGTH DATA ELEMENTS--GENERAL INFORMATION
fixed length control field 181113b ||||| |||| 00| 0 eng d
020 ## - INTERNATIONAL STANDARD BOOK NUMBER
Field link and sequence number 9788189928049
100 ## - MAIN ENTRY--PERSONAL NAME
Personal name Sharma,R.D.
9 (RLIN) 6989
245 ## - TITLE STATEMENT
Title Mathematics-VIII
260 ## - PUBLICATION, DISTRIBUTION, ETC. (IMPRINT)
Place of publication, distribution, etc. New Delhi
Name of publisher, distributor, etc. Dhanpat
Date of publication, distribution, etc. 2018

No items available.

Powered by Koha